• 首页
  • 本馆介绍
  • 公告通知
  • 最新文献
  • 馆藏检索
  • 电子资源
  • 读者导购
  • 参考咨询
  • 我的图书馆
  • 登录
  • 详细信息显示
  • 放入我的书架
  • 预约/预借图书
  • 作者相关作品
  • 分类相关作品
  • 丛书相关作品
  • 出版社相关作品

书目信息

  • 表格格式
  • 工作单格式
  • 卡片格式
题名:
给孩子的36招时间管理术
    
 
作者: 邢子凯 著
分册:  
出版信息: 北京   中国妇女出版社  2022.03
页数: 182页
开本: 24cm
丛书名:
单 册:
中图分类: C935 , G782
科图分类:
主题词: 时间--shi jian--管理--儿童教育--家庭教育
电子资源:
ISBN: 978-7-5127-2078-7
000 01030nam0 2200265 450
001 CAL 012022028790
005 20230217093112.0
010    @a978-7-5127-2078-7@dCNY49.80
099    @aCAL 012022028790
100    @a20220411d2022 em y0chiy0120 ea
101 0  @achi
102    @aCN@b110000
105    @aa z 000yy
106    @ar
200 1  @a给孩子的36招时间管理术@Agei hai zi de 36 zhao shi jian guan li shu@f邢子凯著
210    @a北京@c中国妇女出版社@d2022.03
215    @a182页@c图@d24cm
314    @a邢子凯, 米来未来教育集团创始人。米来妈妈家庭教育联盟发起人。
330    @a为自己的一双儿女创办幼儿园的名校毕业妈妈邢子凯,在这本书中手把手教你的孩子36招在家就能用起来的时间管理方法,逐一击破孩子学习痛点,如: 起床磨蹭 写作业拖延 专注力差 畏难情绪重 管不住自己 时间不够用 …… 助力孩子养成终身受益的时间管理习惯。
606 0  @a时间@Ashi jian@x管理@x儿童教育@x家庭教育
690    @aC935@v5
690    @aG782@v5
701  0 @a邢子凯@Axing zi kai@4著
801  0 @aCN@bBJXHZP@c20230228
905    @b1380763-6@dC935@e957@f4
    
    给孩子的36招时间管理术/邢子凯著.-北京:中国妇女出版社,2022.03
    182页:图;24cm
    
    
    ISBN 978-7-5127-2078-7:CNY49.80
    为自己的一双儿女创办幼儿园的名校毕业妈妈邢子凯,在这本书中手把手教你的孩子36招在家就能用起来的时间管理方法,逐一击破孩子学习痛点,如: 起床磨蹭 写作业拖延 专注力差 畏难情绪重 管不住自己 时间不够用 …… 助力孩子养成终身受益的时间管理习惯。
●
相关链接 在E读中查询图书 在五车中查询图书 在当当中查询图书 在豆瓣中查询图书


正题名:给孩子的36招时间管理术     索取号:C935/957         预约/预借

序号 登录号 条形码 馆藏地/架位号 状态 备注
1 1380763   213807638   第一样本阅览室/ [索取号:C935/957] 在馆    
2 1380764   213807647   第一借阅区/ [索取号:C935/957] 在馆    
3 1380765   213807656   第一借阅区/ [索取号:C935/957] 在馆    
4 1380766   213807665   第一借阅区/ [索取号:C935/957] 在馆    
唐山师范学院图书馆 欢迎您!
大连网信软件有限公司© 版权所有